[Event "LUX-chT 2016/17"]
[Site "Luxembourg"]
[Date "2016.10.23"]
[Round "3"]
[White "Smailovic, Nermin"]
[Black "Schammo, Jean"]
[Result "1/2-1/2"]
[WhiteElo "1772"]
[BlackElo "1919"]
[PlyCount "59"]
[EventDate "2016.09.25"]
[EventType "team-tourn"]
[EventRounds "10"]
[EventCountry "LUX"]
[SourceTitle "EXT 2018"]
[Source "ChessBase"]
[SourceDate "2017.10.13"]
[SourceVersion "1"]
[SourceVersionDate "2017.10.13"]
[SourceQuality "1"]

1. c4 c5 2. g3 Nc6 3. Bg2 Nf6 4. d3 d6 5. Nf3 g6 6. 0-0 Bg7 7. Nc3 0-0 8. Rb1 e5 9. e4 Bg4 10. h3 Be6 11. Nd5 Qd7 12. Kh2 Rab8 13. Bg5 Bxd5 14. cxd5 Nd4 15. Nd2 b5 16. b4 cxb4 17. Rxb4 a5 18. Rb1 Rfc8 19. Nb3 Nxb3 20. Qxb3 b4 21. Rfc1 Ne8 22. Be3 Rxc1 23. Rxc1 a4 24. Qb2 Qb5 25. Bf1 Qb7 26. Rc6 b3 27. Rb6 Qc7 28. Rc6 Qb7 29. Rb6 Qc7 30. Rc6 1/2-1/2

[Event "Luxembourg-chT 1112"]
[Site "Luxembourg"]
[Date "2012.04.10"]
[Round "7"]
[White "Schammo, Jean"]
[Black "Trauth, Michael"]
[Result "0-1"]
[WhiteElo "2031"]
[BlackElo "2165"]
[PlyCount "70"]
[EventDate "2011.10.??"]
[EventType "team-tourn"]
[EventRounds "10"]
[EventCountry "LUX"]
[SourceTitle "EXT 2017"]
[Source "ChessBase"]
[SourceDate "2016.10.25"]
[SourceVersion "1"]
[SourceVersionDate "2016.10.25"]
[SourceQuality "1"]

1. e4 c5 2. Nf3 Nc6 3. Bb5 g6 4. 0-0 Bg7 5. Re1 Nf6 6. c3 0-0 7. d4 d5 8. exd5 Qxd5 9. Bxc6 bxc6 10. Re5 Qd6 11. Be3 Nd5 12. dxc5 Qc7 13. Re4 Bf5 14. Rh4 Nxe3 15. fxe3 Rfd8 16. Qe1 Rab8 17. Qc1 e5 18. Nbd2 Qe7 19. Rb4 Qxc5 20. Nb3 Qd6 21. Rxb8 Rxb8 22. Qe1 Be6 23. Rd1 Qe7 24. Nfd2 c5 25. Qe2 h5 26. h3 Bh6 27. Re1 a5 28. Qa6 c4 29. Nxa5 Qh4 30. Re2 Rxb2 31. Nf3 Rb1+ 32. Kh2 Bf4+ 33. exf4 Qxf4+ 34. g3 Qxf3 35. Rg2 Bd5 0-1

[Event "Luxembourg-chT 1112"]
[Site "Luxembourg"]
[Date "2012.03.10"]
[Round "6"]
[White "Schammo, Jean"]
[Black "Baskewitsch, Pierre"]
[Result "1/2-1/2"]
[WhiteElo "2031"]
[BlackElo "1939"]
[PlyCount "78"]
[EventDate "2011.10.??"]
[EventType "team-tourn"]
[EventRounds "10"]
[EventCountry "LUX"]
[SourceTitle "EXT 2017"]
[Source "ChessBase"]
[SourceDate "2016.10.25"]
[SourceVersion "1"]
[SourceVersionDate "2016.10.25"]
[SourceQuality "1"]

1. c4 c5 2. Nc3 Nc6 3. Nf3 e6 4. d4 cxd4 5. Nxd4 Bc5 6. Nb3 Qb6 7. Nxc5 Qxc5 8. Ne4 Qd4 9. Nd6+ Ke7 10. Nxc8+ Rxc8 11. e3 Qe4 12. Bd2 Nf6 13. Rc1 Rhd8 14. Qb3 Rc7 15. Qa3+ Ke8 16. Qd6 Rdc8 17. Bc3 Qf5 18. Bd3 Ne4 19. Bxe4 Qxe4 20. 0-0 f6 21. Rfd1 Kf7 22. b3 Ne7 23. a4 Nf5 24. Qd2 Nh4 25. f3 Qg6 26. Qf2 Nf5 27. e4 Ne7 28. Ba5 b6 29. Bb4 Nc6 30. Bd6 Rb7 31. Rc3 e5 32. Rcd3 Ke8 33. Ba3 Nd4 34. Bb2 Ne6 35. Kh1 Nc5 36. Re3 h5 37. Ba3 Ne6 38. g3 Nd4 39. Bb2 Ne6 1/2-1/2

[Event "Luxembourg-chT 1112"]
[Site "Luxembourg"]
[Date "2011.11.10"]
[Round "2"]
[White "Hasani, Driton"]
[Black "Schammo, Jean"]
[Result "0-1"]
[WhiteElo "1708"]
[BlackElo "2031"]
[PlyCount "91"]
[EventDate "2011.10.??"]
[EventType "team-tourn"]
[EventRounds "10"]
[EventCountry "LUX"]
[SourceTitle "EXT 2017"]
[Source "ChessBase"]
[SourceDate "2016.10.25"]
[SourceVersion "1"]
[SourceVersionDate "2016.10.25"]
[SourceQuality "1"]

1. d4 d5 2. c4 c6 3. Nf3 Nf6 4. Nc3 g6 5. Bf4 dxc4 6. e4 b5 7. Bxb8 Rxb8 8. Be2 Bg7 9. b4 0-0 10. a4 a6 11. 0-0 Qc7 12. Qc2 Rd8 13. Rad1 Bg4 14. Rfe1 Bxf3 15. Bxf3 e5 16. d5 Bf8 17. Qb2 c5 18. bxc5 Qxc5 19. Qc2 b4 20. Nb1 Bh6 21. Be2 Rbc8 22. Bf3 a5 23. h4 Rd6 24. g4 Bf4 25. g5 Ne8 26. Bg4 Rc7 27. Kg2 Ng7 28. Rh1 c3 29. Be2 f6 30. gxf6 Rxf6 31. Rh3 Ne8 32. Bb5 Nd6 33. Bc6 Rcf7 34. Nxc3 bxc3 35. Rxc3 Qa7 36. f3 Be3 37. Rf1 Bd4 38. Rb3 Rf4 39. Re1 Qe7 40. Rh1 Rxh4 41. Rb8+ Kg7 42. Rxh4 Qxh4 43. Qe2 Qg5+ 44. Kh3 Rf4 45. Qe1 Rxf3+ 46. Kh2 0-1

[Event "Luxembourg-chT 1112"]
[Site "Luxembourg"]
[Date "2011.01.10"]
[Round "4"]
[White "Upton, Timothy J"]
[Black "Schammo, Jean"]
[Result "1/2-1/2"]
[WhiteElo "2212"]
[BlackElo "2031"]
[PlyCount "47"]
[EventDate "2011.10.??"]
[EventType "team-tourn"]
[EventRounds "10"]
[EventCountry "LUX"]
[SourceTitle "EXT 2017"]
[Source "ChessBase"]
[SourceDate "2016.10.25"]
[SourceVersion "1"]
[SourceVersionDate "2016.10.25"]
[SourceQuality "1"]

1. e4 d5 2. exd5 Qxd5 3. Nc3 Qd6 4. Nf3 Nf6 5. Bc4 a6 6. a4 Bg4 7. 0-0 Nc6 8. Re1 e6 9. Ne4 Nxe4 10. Rxe4 Bf5 11. Re1 Be7 12. d4 Rd8 13. c3 0-0 14. Qe2 Bf6 15. h3 h6 16. b4 Ne7 17. Ba3 Qd7 18. b5 axb5 19. axb5 Rfe8 20. Ne5 Bxe5 21. Qxe5 Nd5 22. Bb2 c6 23. Qe2 Ra8 24. bxc6 1/2-1/2

[Event "EU-chT Seniors 10th"]
[Site "Dresden"]
[Date "2008.02.17"]
[Round "7.3"]
[White "Kothe, Hans Joachim"]
[Black "Schammo, Jean"]
[Result "0-1"]
[WhiteElo "1794"]
[BlackElo "2103"]
[PlyCount "94"]
[EventDate "2008.02.11"]
[EventType "team-swiss"]
[EventRounds "9"]
[EventCountry "GER"]
[SourceTitle "CBM 122 Extra"]
[Source "ChessBase"]
[SourceDate "2008.03.04"]
[SourceVersion "1"]
[SourceVersionDate "2008.03.04"]
[SourceQuality "1"]
[WhiteTeam "Dresden Striesen"]
[BlackTeam "Luxembourg (Seniors)"]
[WhiteTeamCountry "GER"]
[BlackTeamCountry "LUX"]

1. e4 c5 2. Nf3 e6 3. d4 cxd4 4. Nxd4 a6 5. Be2 Nf6 6. Bf3 Qc7 7. 0-0 Nc6 8. Nxc6 bxc6 9. c4 Rb8 10. Nc3 Bd6 11. g3 h5 12. Re1 Be5 13. Bg2 c5 14. f4 Bd4+ 15. Be3 Bxe3+ 16. Rxe3 Rxb2 17. e5 Ng4 18. Re2 Rxe2 19. Qxe2 g6 20. Ne4 0-0 21. Rb1 Kg7 22. Nd6 Kh7 23. Qd2 Kg8 24. Nxc8 Qxc8 25. h3 Nh6 26. Bb7 Qc7 27. Bxa6 Nf5 28. Kf2 Nd4 29. Bb5 d5 30. a4 Ra8 31. Qc3 dxc4 32. Qxc4 Qb7 33. Qd3 Rb8 34. Rc1 Nxb5 35. Rb1 c4 36. Qxc4 Qa7+ 37. Kf1 Na3 38. Rxb8+ Qxb8 39. Qc5 Qb1+ 40. Ke2 Qb2+ 41. Kd3 Qb3+ 42. Qc3 Qxa4 43. Qc8+ Kg7 44. Kd2 Qd4+ 45. Ke1 Nc4 46. Qe8 Qd2+ 47. Kf1 Ne3+ 0-1

[Event "Luxembourg-ch"]
[Site "Luxembourg"]
[Date "1999.04.07"]
[Round "5"]
[White "Schammo, Jean"]
[Black "Schmit, Francis"]
[Result "1-0"]
[WhiteElo "2103"]
[BlackElo "1950"]
[PlyCount "91"]
[EventDate "1999.04.03"]
[EventType "swiss"]
[EventRounds "9"]
[EventCountry "LUX"]
[SourceTitle "EXT 2005"]
[Source "ChessBase"]
[SourceDate "2004.11.15"]
[SourceVersion "1"]
[SourceVersionDate "2004.11.15"]
[SourceQuality "1"]

1. c4 Nf6 2. Nc3 e5 3. g3 Nc6 4. Bg2 Bc5 5. e3 a6 6. Nge2 d6 7. d4 Ba7 8. 0-0 Qe7 9. d5 Nb8 10. e4 Bg4 11. h3 Bh5 12. Qd3 Nbd7 13. Be3 Bg6 14. Bxa7 Rxa7 15. Qe3 Ra8 16. a4 a5 17. Nc1 Nb6 18. b3 Nfd7 19. Nd3 f5 20. Rae1 0-0 21. exf5 Bxf5 22. Ne4 Nf6 23. f3 h6 24. Kh2 Nbd7 25. Re2 b6 26. f4 Bxe4 27. Bxe4 Nxe4 28. Qxe4 Nf6 29. Qg2 e4 30. Nf2 e3 31. Nd1 Qe4 32. Rxe3 Qxg2+ 33. Kxg2 Rf7 34. Rfe1 Kf8 35. Nc3 Nd7 36. Nb5 Nc5 37. Nd4 Na6 38. g4 Rc8 39. f5 Nb4 40. Kg3 Na6 41. Nc6 Nc5 42. Ne7 Ra8 43. Ng6+ Kg8 44. Re8+ Rxe8 45. Rxe8+ Kh7 46. Rh8# 1-0

[Event "Luxembourg-ch"]
[Site "Luxembourg"]
[Date "1999.04.06"]
[Round "4"]
[White "Kecap, Ismed"]
[Black "Schammo, Jean"]
[Result "1-0"]
[WhiteElo "2020"]
[BlackElo "2103"]
[PlyCount "62"]
[EventDate "1999.04.03"]
[EventType "swiss"]
[EventRounds "9"]
[EventCountry "LUX"]
[SourceTitle "EXT 2005"]
[Source "ChessBase"]
[SourceDate "2004.11.15"]
[SourceVersion "1"]
[SourceVersionDate "2004.11.15"]
[SourceQuality "1"]

1. e4 c5 2. Bc4 e6 3. Qe2 Nc6 4. c3 Qc7 5. d3 Nf6 6. Bg5 Be7 7. Bb3 b6 8. Nd2 Bb7 9. f4 d6 10. Ngf3 h6 11. Bh4 Nh5 12. Bg3 Nxg3 13. hxg3 0-0-0 14. d4 Nb8 15. Qe3 Rhe8 16. Ba4 Bc6 17. Bxc6 Nxc6 18. 0-0 Kb8 19. Rfc1 Rc8 20. b4 Qd7 21. bxc5 dxc5 22. a4 f6 23. Rcb1 Na5 24. Rb5 Rc7 25. Kh1 Rec8 26. Qe2 cxd4 27. cxd4 Rc1+ 28. Rxc1 Rxc1+ 29. Kh2 Bd8 30. d5 Qe8 31. dxe6 Qh5+ 1-0

[Event "Luxembourg-chT 9899"]
[Site "Luxembourg"]
[Date "1999.03.28"]
[Round "10"]
[White "Schammo, Jean"]
[Black "Wolff, Serge"]
[Result "1/2-1/2"]
[WhiteElo "2100"]
[BlackElo "2070"]
[PlyCount "125"]
[EventDate "1998.10.08"]
[EventType "team"]
[EventRounds "10"]
[EventCountry "LUX"]
[SourceTitle "EXT 2005"]
[Source "ChessBase"]
[SourceDate "2004.11.15"]
[SourceVersion "1"]
[SourceVersionDate "2004.11.15"]
[SourceQuality "1"]

1. c4 e6 2. Nc3 b6 3. d4 Bb4 4. a3 Bxc3+ 5. bxc3 Bb7 6. Nf3 Ne7 7. Bg5 f6 8. Bh4 0-0 9. e3 Qe8 10. Bg3 d6 11. Bd3 Qh5 12. Be2 Qa5 13. Qb3 e5 14. 0-0 Kh8 15. Rfd1 Nd7 16. Qb4 Qa6 17. Qb5 Rad8 18. a4 Bc8 19. c5 Qb7 20. cxd6 cxd6 21. c4 Qc6 22. a5 a6 23. Qxc6 Nxc6 24. axb6 Nxb6 25. Rdb1 Nd7 26. h3 Kg8 27. Bd3 f5 28. Bc2 f4 29. Bh4 Rde8 30. d5 Ncb8 31. Ng5 h6 32. Ne6 g5 33. Bxg5 hxg5 34. Nxf8 Rxf8 35. Ra3 a5 36. Rxa5 Ba6 37. Rb4 Rc8 38. Bf5 Rxc4 39. Rxc4 Bxc4 40. Ra7 Bb5 41. Rb7 Ba6 42. Rxd7 Nxd7 43. Bxd7 Kf7 44. e4 Kf6 45. Bg4 Bd3 46. Bf5 Bc4 47. Bg4 Bd3 48. Bf3 Kg6 49. g3 Kf6 50. Kh2 Bb5 51. Bg4 Bd3 52. f3 Bb5 53. Kg2 Kg6 54. Kf2 Kf6 55. h4 fxg3+ 56. Kxg3 gxh4+ 57. Kxh4 Be2 58. Bh5 Bb5 59. Kg4 Bd7+ 60. Kg3 Bb5 61. f4 exf4+ 62. Kxf4 Bc4 63. Bf3 1/2-1/2

[Event "Luxembourg-chT 9899"]
[Site "Luxembourg"]
[Date "1998.11.22"]
[Round "4"]
[White "Schammo, Jean"]
[Black "Jacobs, Ansgar"]
[Result "1-0"]
[WhiteElo "2100"]
[BlackElo "2020"]
[PlyCount "77"]
[EventDate "1998.10.08"]
[EventType "team"]
[EventRounds "10"]
[EventCountry "LUX"]
[SourceTitle "EXT 2005"]
[Source "ChessBase"]
[SourceDate "2004.11.15"]
[SourceVersion "1"]
[SourceVersionDate "2004.11.15"]
[SourceQuality "1"]

1. c4 e6 2. d4 c5 3. e3 Nf6 4. Nf3 d5 5. Nc3 Be7 6. Be2 0-0 7. 0-0 Nc6 8. b3 Ne4 9. Bb2 Bf6 10. Rc1 Nxc3 11. Bxc3 cxd4 12. Nxd4 e5 13. Nxc6 bxc6 14. cxd5 cxd5 15. Bb4 Re8 16. Bb5 Re6 17. Bc6 Rb8 18. Qd2 d4 19. Ba5 Qd6 20. Be4 Bd8 21. Rc6 Qe7 22. Bxd8 Qxd8 23. Rxe6 Bxe6 24. exd4 Qxd4 25. Qxd4 exd4 26. Rd1 Rd8 27. Kf1 f5 28. Bb1 a5 29. Ke2 Kf7 30. Rc1 Kf6 31. Rc5 Rd5 32. Rc6 h6 33. f4 g5 34. g3 gxf4 35. gxf4 Rd8 36. Bd3 Ke7 37. Ra6 Rg8 38. Rxe6+ Kxe6 39. Bc4+ 1-0

[Event "LUX-chABC"]
[Site "Dudelange"]
[Date "1998.04.18"]
[Round "8.4"]
[White "Brittner, Serge"]
[Black "Schammo, Jean"]
[Result "1-0"]
[WhiteElo "2125"]
[BlackElo "2075"]
[PlyCount "71"]
[EventDate "1998.04.11"]
[EventType "swiss"]
[EventRounds "9"]
[EventCountry "LUX"]
[SourceTitle "EXT 2013"]
[Source "ChessBase"]
[SourceDate "2012.11.22"]
[SourceVersion "1"]
[SourceVersionDate "2012.11.22"]
[SourceQuality "1"]

1. d4 b5 2. a4 b4 3. c4 e6 4. e4 Bb7 5. Bd3 d6 6. Nf3 Nd7 7. 0-0 c5 8. d5 e5 9. a5 a6 10. Ne1 Be7 11. f4 Bf6 12. Qe2 Qe7 13. Nd2 0-0-0 14. Ndf3 h6 15. fxe5 Nxe5 16. Bf4 g5 17. Bxe5 dxe5 18. Nd2 Kb8 19. Qf2 Qd6 20. Nb3 Rc8 21. Be2 Rh7 22. Nd3 Be7 23. Qf5 Rg7 24. Qxe5 f6 25. Qxd6+ Bxd6 26. Bg4 Rcc7 27. Be6 Be7 28. e5 fxe5 29. Nxe5 Bd6 30. Rae1 Bc8 31. Nc6+ Kb7 32. Bxc8+ Rxc8 33. Re6 Bf8 34. Nd2 Kc7 35. Ne5 Ra8 36. Ne4 1-0

[Event "LUX-chABC"]
[Site "Dudelange"]
[Date "1998.04.15"]
[Round "5.3"]
[White "Schammo, Jean"]
[Black "Smailovic, Omer"]
[Result "1/2-1/2"]
[WhiteElo "2075"]
[BlackElo "1995"]
[PlyCount "188"]
[EventDate "1998.04.11"]
[EventType "swiss"]
[EventRounds "9"]
[EventCountry "LUX"]
[SourceTitle "EXT 2013"]
[Source "ChessBase"]
[SourceDate "2012.11.22"]
[SourceVersion "1"]
[SourceVersionDate "2012.11.22"]
[SourceQuality "1"]

1. c4 Nf6 2. Nc3 e5 3. Nf3 Nc6 4. d4 exd4 5. Nxd4 h6 6. e3 Bb4 7. Be2 Bxc3+ 8. bxc3 d6 9. 0-0 0-0 10. Qc2 Re8 11. Nxc6 bxc6 12. Bf3 Bd7 13. Rd1 Qe7 14. Ba3 a5 15. c5 d5 16. Rd4 Qe5 17. Rad1 Bf5 18. Qe2 g5 19. g3 Ne4 20. Rc1 Rab8 21. c4 dxc4 22. Rdxc4 Red8 23. R4c2 Nf6 24. Bb2 Qe6 25. Bxf6 Qxf6 26. e4 Re8 27. Re1 Re5 28. Qd2 Bh3 29. Bg2 Bxg2 30. Kxg2 g4 31. Qd1 Qe6 32. f3 gxf3+ 33. Qxf3 Rb4 34. Rce2 a4 35. Qd3 Qe7 36. a3 Rb3 37. Qa6 Rxa3 38. Qxc6 Kg7 39. Rc1 Qf6 40. Qxf6+ Kxf6 41. Rc4 c6 42. Rd2 Ra1 43. Rd6+ Re6 44. Rdd4 a3 45. Ra4 a2 46. Kh3 Rc1 47. Rxa2 Rxc5 48. Rf2+ Ke7 49. g4 h5 50. Kh4 hxg4 51. Kxg4 Rg6+ 52. Kf4 Rf6+ 53. Kg3 Rg5+ 54. Kh4 Rxf2 55. Kxg5 Rxh2 56. e5 Rc2 57. Kf5 c5 58. Rd6 c4 59. Ke4 Re2+ 60. Kf4 c3 61. Rc6 c2 62. Kf3 Rh2 63. Kg3 Rd2 64. Kf3 Kd7 65. Rc5 Ke6 66. Ke3 Rh2 67. Ke4 Ke7 68. Kd3 Ke6 69. Ke4 Re2+ 70. Kd4 Kf5 71. Rc7 Kg4 72. Kd5 Kf3 73. Kd4 Kg3 74. Kd5 Rf2 75. Ke4 Re2+ 76. Kd5 Kh3 77. Kd4 Kg2 78. Kd3 Rxe5 79. Rxc2+ Kg3 80. Kd4 Re7 81. Rc3+ Kg4 82. Rc1 f5 83. Rg1+ Kh4 84. Rf1 Kg5 85. Rg1+ Kf6 86. Rf1 Re4+ 87. Kd3 Ke5 88. Rf2 f4 89. Re2 Rxe2 90. Kxe2 Ke4 91. Kf2 f3 92. Kf1 Ke3 93. Ke1 f2+ 94. Kf1 Kf3 1/2-1/2

[Event "Luxembourg-chT 9798"]
[Site "Luxembourg"]
[Date "1998.03.22"]
[Round "10"]
[White "Schammo, Jean"]
[Black "Rota, Emile"]
[Result "1/2-1/2"]
[WhiteElo "2075"]
[BlackElo "1985"]
[PlyCount "101"]
[EventDate "1997.10.??"]
[EventType "team"]
[EventRounds "10"]
[EventCountry "LUX"]
[SourceTitle "EXT 2005"]
[Source "ChessBase"]
[SourceDate "2004.11.15"]
[SourceVersion "1"]
[SourceVersionDate "2004.11.15"]
[SourceQuality "1"]

1. c4 e5 2. Nc3 Bb4 3. e3 Bxc3 4. bxc3 d6 5. d4 e4 6. Ne2 Nf6 7. Nf4 0-0 8. Be2 Re8 9. h4 Nbd7 10. g4 Nf8 11. g5 N6d7 12. Qc2 Nb6 13. Ba3 Bf5 14. 0-0-0 Qd7 15. Rdg1 Qa4 16. Qxa4 Nxa4 17. Kd2 Nb6 18. Rb1 Rad8 19. Rb5 Bc8 20. Ra5 a6 21. Rb1 Bg4 22. c5 dxc5 23. Rxc5 Bxe2 24. Kxe2 Rd7 25. Rf5 Ne6 26. Nxe6 Rxe6 27. Bc5 g6 28. Re5 Rxe5 29. dxe5 Na4 30. Bd4 c5 31. e6 fxe6 32. Bf6 c4 33. Rg1 Rd3 34. Rc1 Rd5 35. Rc2 Kf7 36. f3 exf3+ 37. Kxf3 Nc5 38. Bd4 Nd3 39. Kg3 Rb5 40. e4 Rb2 41. Rxb2 Nxb2 42. Kf4 Nd3+ 43. Ke3 b5 44. a3 e5 45. Bb6 Ne1 46. Kf2 Nd3+ 47. Ke3 Ke6 48. Kd2 Kd6 49. Bg1 Ke6 50. Bb6 Kf7 51. Be3 1/2-1/2

[Event "Luxembourg op"]
[Site "Luxembourg"]
[Date "1996.??.??"]
[Round "5"]
[White "Schammo, Jean"]
[Black "Blasig, Volker"]
[Result "1/2-1/2"]
[WhiteElo "2130"]
[BlackElo "1855"]
[PlyCount "61"]
[EventDate "1996.??.??"]
[EventType "swiss"]
[EventRounds "9"]
[EventCountry "LUX"]
[SourceTitle "EXT 2005"]
[Source "ChessBase"]
[SourceDate "2004.11.15"]
[SourceVersion "1"]
[SourceVersionDate "2004.11.15"]
[SourceQuality "1"]

1. c4 c5 2. Nf3 Nf6 3. Nc3 Nc6 4. g3 g6 5. Bg2 Bg7 6. 0-0 0-0 7. d4 cxd4 8. Nxd4 a6 9. e4 Qc7 10. Nde2 d6 11. Bg5 h6 12. Bxf6 exf6 13. Qd2 Ne7 14. Rac1 Rb8 15. Rfd1 Be6 16. b3 Rfd8 17. Nf4 f5 18. Ncd5 Bxd5 19. Nxd5 Nxd5 20. Qxd5 fxe4 21. Bxe4 Qc5 22. Rc2 Qxd5 23. Bxd5 b5 24. cxb5 axb5 25. Rc7 g5 26. Rxf7 Kh8 27. f4 gxf4 28. Rxf4 b4 29. Rc1 Bc3 30. a4 Bd2 31. Rcc4 1/2-1/2

[Event "Luxembourg op"]
[Site "Luxembourg"]
[Date "1996.??.??"]
[Round "1"]
[White "Schammo, Jean"]
[Black "Weyrich, F."]
[Result "1-0"]
[WhiteElo "2130"]
[BlackElo "1660"]
[PlyCount "56"]
[EventDate "1996.??.??"]
[EventType "swiss"]
[EventRounds "9"]
[EventCountry "LUX"]
[SourceTitle "EXT 2005"]
[Source "ChessBase"]
[SourceDate "2004.11.15"]
[SourceVersion "1"]
[SourceVersionDate "2004.11.15"]
[SourceQuality "1"]

1. e4 d5 2. Nc3 d4 3. Nce2 e5 4. Nf3 Nc6 5. Ng3 Nge7 6. Bc4 Ng6 7. d3 Bb4+ 8. Kf1 Bd7 9. c3 Ba5 10. Qb3 Qe7 11. Ng5 f6 12. Bf7+ Kd8 13. Bxg6 fxg5 14. Bxh7 dxc3 15. bxc3 Bxc3 16. Qxc3 Rxh7 17. Qb3 Qe6 18. Bxg5+ Kc8 19. Qa3 Qf7 20. Qc5 g6 21. Rc1 a5 22. h4 Ra6 23. Kg1 Rb6 24. Kh2 Rh8 25. Rc2 Be6 26. Rf1 Kb8 27. f4 exf4 28. Rxf4 Rxh4+ 1-0